[Event "GER-chT U20"]
[Site "Magdeburg"]
[Date "2023.12.28"]
[Round "4.8"]
[White "Gallas, Noel"]
[Black "Schiffner, Robin"]
[Result "1-0"]
[WhiteElo "1931"]
[BlackElo "1588"]
[PlyCount "101"]
[EventDate "2023.12.26"]
[EventType "team-swiss"]
[EventRounds "7"]
[EventCountry "GER"]
[SourceTitle "CB03_2024"]
[SourceDate "2024.01.17"]
[SourceVersion "1"]
[SourceVersionDate "2024.01.17"]
[SourceQuality "1"]
[WhiteTeam "Essen Katernberg"]
[BlackTeam "Magdeburg USC"]
[WhiteTeamCountry "GER"]
[BlackTeamCountry "GER"]

1. e4 e6 2. b3 d5 3. Bb2 Nf6 4. exd5 exd5 5. Nf3 Bd6 6. Be2 0-0 7. 0-0 Re8 8. d4 Bg4 9. h3 Bxf3 10. Bxf3 c6 11. c4 Bc7 12. Nc3 Qd6 13. g3 Nbd7 14. Qd3 Re6 15. cxd5 Nxd5 16. Nxd5 cxd5 17. Bg4 Re4 18. Bf5 Re7 19. Bxh7+ Kh8 20. Bf5 Nf6 21. a4 Qd8 22. Qf3 Kg8 23. Rfe1 Qe8 24. Rxe7 Qxe7 25. Ba3 Bd6 26. Bxd6 Qxd6 27. Rc1 Qb6 28. Qc3 Re8 29. a5 Qb5 30. Bd3 Qd7 31. Kg2 Ne4 32. Qc7 Qd8 33. Qxd8 Rxd8 34. Bxe4 dxe4 35. Rc4 Rd5 36. b4 Rb5 37. f3 exf3+ 38. Kxf3 Kf8 39. Ke4 Ke7 40. Kd3 Kd7 41. g4 Kd6 42. Kc3 b6 43. axb6 axb6 44. Rc8 Kd7 45. Rf8 f6 46. Rf7+ Ke6 47. Rxg7 Rd5 48. Rc7 b5 49. Rc6+ Kf7 50. Rc5 Rd7 51. Rxb5 1-0

[Event "GER-chT U20"]
[Site "Magdeburg"]
[Date "2023.12.27"]
[Round "1.7"]
[White "Melestean, Timur"]
[Black "Gallas, Noel"]
[Result "1-0"]
[WhiteElo "1892"]
[BlackElo "1931"]
[PlyCount "67"]
[EventDate "2023.12.26"]
[EventType "team-swiss"]
[EventRounds "7"]
[EventCountry "GER"]
[SourceTitle "CB03_2024"]
[SourceDate "2024.01.17"]
[SourceVersion "1"]
[SourceVersionDate "2024.01.17"]
[SourceQuality "1"]
[WhiteTeam "Plauen Koenig"]
[BlackTeam "Essen Katernberg"]
[WhiteTeamCountry "GER"]
[BlackTeamCountry "GER"]

1. Nf3 Nf6 2. g3 c5 3. c4 Nc6 4. Bg2 d5 5. cxd5 Nxd5 6. Nc3 Nc7 7. a3 Rb8 8. b4 cxb4 9. axb4 a6 10. Qb3 Bg4 11. Qb2 Bxf3 12. Bxf3 Nd4 13. Bg2 e6 14. 0-0 Qd6 15. Rb1 f6 16. d3 Ncb5 17. Nxb5 Nxb5 18. Be3 Be7 19. Bc5 Qd7 20. Rfc1 Bxc5 21. bxc5 0-0 22. Qa2 Rfc8 23. Bh3 Kf7 24. e3 Ke7 25. d4 f5 26. Bg2 Na7 27. Qb2 Nc6 28. d5 exd5 29. Qxg7+ Kd8 30. Qb2 Ke7 31. Rd1 Rg8 32. Bxd5 Rg5 33. Bxc6 Qxc6 34. Qe5+ 1-0

[Event "GER-chT U20"]
[Site "Kiel"]
[Date "2022.07.25"]
[Round "6.5"]
[White "Gallas, Noel"]
[Black "Wegmer, Leon"]
[Result "0-1"]
[WhiteElo "1905"]
[BlackElo "1912"]
[PlyCount "60"]
[EventDate "2022.07.22"]
[EventType "team-swiss"]
[EventRounds "7"]
[EventCountry "GER"]
[SourceTitle "CBM 209 Extra"]
[Source "ChessBase"]
[SourceDate "2022.09.30"]
[SourceVersion "1"]
[SourceVersionDate "2022.09.30"]
[SourceQuality "1"]
[WhiteTeam "Essen Katernberg"]
[BlackTeam "Karlsruhe SF"]
[WhiteTeamCountry "GER"]
[BlackTeamCountry "GER"]

1. e4 c5 2. Nf3 Nc6 3. g3 e6 4. d4 cxd4 5. Nxd4 Nf6 6. Bg2 Bc5 7. Nb3 Be7 8. Nc3 0-0 9. Be3 Ne5 10. Qe2 Qc7 11. 0-0-0 a6 12. f4 Nc4 13. Bf2 Rb8 14. e5 Ne8 15. Qd3 b5 16. Ne4 d6 17. exd6 Nexd6 18. Nxd6 Bxd6 19. Bd4 a5 20. Be4 f5 21. Bg2 a4 22. Nd2 Rd8 23. Nf3 b4 24. Be5 b3 25. axb3 axb3 26. Bxd6 Rxd6 27. Qc3 Ra8 28. Kb1 Ra1+ 29. Kxa1 Qa7+ 30. Kb1 Qa2+ 0-1

[Event "GER-chT U20"]
[Site "Kiel"]
[Date "2022.07.24"]
[Round "4.5"]
[White "Gallas, Noel"]
[Black "Dornieden, Jonas"]
[Result "1/2-1/2"]
[WhiteElo "1905"]
[BlackElo "2044"]
[PlyCount "101"]
[EventDate "2022.07.22"]
[EventType "team-swiss"]
[EventRounds "7"]
[EventCountry "GER"]
[SourceTitle "CBM 209 Extra"]
[Source "ChessBase"]
[SourceDate "2022.09.30"]
[SourceVersion "1"]
[SourceVersionDate "2022.09.30"]
[SourceQuality "1"]
[WhiteTeam "Essen Katernberg"]
[BlackTeam "Lehrte"]
[WhiteTeamCountry "GER"]
[BlackTeamCountry "GER"]

1. e4 c5 2. Nf3 Nc6 3. g3 g6 4. Bg2 Bg7 5. 0-0 d6 6. c3 Qb6 7. h3 Nf6 8. Re1 0-0 9. d3 e5 10. a3 Be6 11. b4 Nd7 12. Ng5 a5 13. Nxe6 fxe6 14. bxc5 Nxc5 15. Rf1 a4 16. Nd2 Na5 17. Rb1 Qa6 18. c4 Nc6 19. Nf3 Nb3 20. Be3 Qa5 21. Ng5 Rae8 22. Qg4 Rf6 23. Qh4 h6 24. Nf3 Ncd4 25. Nxd4 exd4 26. Bxh6 Qc5 27. Bxg7 Kxg7 28. g4 g5 29. Qg3 Qxa3 30. e5 dxe5 31. Qxe5 Qc5 32. Qe4 Re7 33. Qe2 b5 34. cxb5 Qxb5 35. Be4 Rh6 36. Qf3 Rf7 37. Qg3 e5 38. Bf5 a3 39. Rxb3 Qxb3 40. Qxe5+ Kf8 41. Qxd4 Qb6 42. Qc3 Qb2 43. Qc8+ Kg7 44. Be6 Qb7 45. Qc3+ Rff6 46. Bf5 Rxh3 47. Be4 Qb2 48. Qc5 Qd2 49. Qe7+ Rf7 50. Qe5+ Rf6 51. Qe7+ 1/2-1/2

[Event "GER-chT U20"]
[Site "Kiel"]
[Date "2022.07.23"]
[Round "1.4"]
[White "Kracht, Raphael"]
[Black "Gallas, Noel"]
[Result "1-0"]
[WhiteElo "2045"]
[BlackElo "1905"]
[PlyCount "111"]
[EventDate "2022.07.22"]
[EventType "team-swiss"]
[EventRounds "7"]
[EventCountry "GER"]
[SourceTitle "CBM 209 Extra"]
[Source "ChessBase"]
[SourceDate "2022.09.30"]
[SourceVersion "1"]
[SourceVersionDate "2022.09.30"]
[SourceQuality "1"]
[WhiteTeam "Brackel"]
[BlackTeam "Essen Katernberg"]
[WhiteTeamCountry "GER"]
[BlackTeamCountry "GER"]

1. e4 e6 2. d4 d5 3. Nd2 c5 4. exd5 Qxd5 5. Ngf3 cxd4 6. Bc4 Qd7 7. 0-0 Nc6 8. Nb3 a6 9. Nbxd4 Nxd4 10. Nxd4 Qc7 11. Bb3 Bd6 12. h3 Ne7 13. c3 0-0 14. Qh5 Ng6 15. Bc2 b6 16. Nf3 Qc5 17. Qxc5 Bxc5 18. Be4 Rb8 19. Rd1 Bb7 20. Bxb7 Rxb7 21. Ng5 Rbb8 22. Kf1 Rfd8 23. Rxd8+ Rxd8 24. Ke2 Ne5 25. Ne4 Nd3 26. Nxc5 bxc5 27. b3 Rd5 28. Be3 e5 29. c4 Rd7 30. Rd1 e4 31. g4 f6 32. f3 exf3+ 33. Kxf3 Ne5+ 34. Ke2 Rxd1 35. Kxd1 Nd7 36. Kd2 Kf7 37. Kc3 a5 38. Bf4 Ne5 39. Be3 Nd7 40. Kd3 Ke6 41. Ke2 Ke5 42. a4 Ke4 43. Bd2 Nb8 44. Bxa5 f5 45. gxf5 Kxf5 46. Bb6 Na6 47. a5 Ke4 48. Bd8 Kd4 49. Kd2 Nb4 50. Bh4 Na6 51. Bf2+ Ke4 52. Kc3 g5 53. Bxc5 Nxc5 54. b4 Nd7 55. c5 Kd5 56. a6 1-0

[Event "GER-chT U20"]
[Site "Willingen"]
[Date "2021.06.27"]
[Round "7"]
[White "Kamp, Aaron"]
[Black "Gallas, Noel"]
[Result "1/2-1/2"]
[WhiteElo "1771"]
[BlackElo "1886"]
[PlyCount "74"]
[EventDate "2021.06.24"]
[EventType "team-swiss"]
[EventRounds "7"]
[EventCountry "GER"]
[SourceTitle "CBM 203 Extra"]
[Source "ChessBase"]
[SourceDate "2021.09.30"]
[SourceVersion "1"]
[SourceVersionDate "2021.09.30"]
[SourceQuality "1"]
[WhiteTeam "Muenster"]
[BlackTeam "Essen Katernberg"]
[WhiteTeamCountry "GER"]
[BlackTeamCountry "GER"]

1. e4 e6 2. d4 d5 3. exd5 exd5 4. Nf3 Bd6 5. c4 c6 6. Nc3 Nf6 7. Bg5 dxc4 8. Bxc4 0-0 9. 0-0 h6 10. Bh4 Nbd7 11. Qd3 Be7 12. Rfe1 Nb6 13. Bb3 Nfd5 14. Nxd5 Nxd5 15. Bxd5 Bxh4 16. Nxh4 Qxh4 17. Bb3 Qf6 18. Re5 Bd7 19. Bc2 g6 20. Qe3 Kg7 21. Re1 Rfe8 22. f4 Rad8 23. Bb3 Qd6 24. Qc3 Qf6 25. h3 h5 26. d5 cxd5 27. Bxd5 b5 28. R1e4 Rc8 29. Qe3 Qb6 30. Qxb6 axb6 31. b4 Rxe5 32. Rxe5 Kf6 33. Kf2 Rc2+ 34. Kg3 Rb2 35. Bb3 Bc6 36. Bd5 Bxd5 37. Rxd5 Rxb4 1/2-1/2

[Event "GER-chT U20"]
[Site "Willingen"]
[Date "2021.06.25"]
[Round "3"]
[White "Gallas, Noel"]
[Black "Fock, Sana"]
[Result "1-0"]
[WhiteElo "1886"]
[BlackElo "1821"]
[PlyCount "68"]
[EventDate "2021.06.24"]
[EventType "team-swiss"]
[EventRounds "7"]
[EventCountry "GER"]
[SourceTitle "CBM 203 Extra"]
[Source "ChessBase"]
[SourceDate "2021.09.30"]
[SourceVersion "1"]
[SourceVersionDate "2021.09.30"]
[SourceQuality "1"]
[WhiteTeam "Essen Katernberg"]
[BlackTeam "Kreuzberg"]
[WhiteTeamCountry "GER"]
[BlackTeamCountry "GER"]

1. e4 c5 2. c3 d5 3. exd5 Qxd5 4. d4 Nc6 5. Nf3 Nf6 6. Be2 cxd4 7. cxd4 e6 8. 0-0 Be7 9. Nc3 Qd8 10. Be3 0-0 11. Rc1 b6 12. Qd2 Bb7 13. Rfd1 Nb4 14. Ne5 a6 15. a3 Nbd5 16. Bf3 Rc8 17. Nxd5 Nxd5 18. Rxc8 Qxc8 19. Rc1 Qd8 20. Nc6 Bxc6 21. Rxc6 Nxe3 22. fxe3 a5 23. Qc3 e5 24. dxe5 Bg5 25. Kf2 Re8 26. Qd4 b5 27. Rd6 Qc8 28. Rc6 Qd8 29. Ke2 Qb8 30. Qd6 b4 31. Qxb8 Rxb8 32. a4 g6 33. Bd5 Rd8 34. Rc5 Ra8 1-0

[Event "GER-chT U20"]
[Site "Willingen"]
[Date "2021.06.24"]
[Round "2"]
[White "Gallas, Noel"]
[Black "Engert, Kiyan"]
[Result "1/2-1/2"]
[WhiteElo "1886"]
[BlackElo "1781"]
[PlyCount "74"]
[EventDate "2021.06.24"]
[EventType "team-swiss"]
[EventRounds "7"]
[EventCountry "GER"]
[SourceTitle "CBM 203 Extra"]
[Source "ChessBase"]
[SourceDate "2021.09.30"]
[SourceVersion "1"]
[SourceVersionDate "2021.09.30"]
[SourceQuality "1"]
[WhiteTeam "Essen Katernberg"]
[BlackTeam "Biebertal"]
[WhiteTeamCountry "GER"]
[BlackTeamCountry "GER"]

1. e4 e5 2. d4 exd4 3. Nf3 Nc6 4. Bc4 Nf6 5. 0-0 Nxe4 6. Re1 d5 7. Bxd5 Qxd5 8. Nc3 Qh5 9. Nxe4 Be6 10. Neg5 0-0-0 11. Nxe6 fxe6 12. Rxe6 Bd6 13. Qe2 Rde8 14. h3 Rxe6 15. Qxe6+ Kb8 16. Bd2 Re8 17. Qc4 Ne5 18. Nxe5 Qxe5 19. g3 Qf6 20. Qd3 Rf8 21. Rf1 h6 22. a3 b6 23. a4 Qf5 24. Qxf5 Rxf5 25. c3 dxc3 26. Bxc3 Be5 27. Bxe5 Rxe5 28. Rd1 Re2 29. b3 Re7 30. Kg2 a6 31. g4 b5 32. axb5 axb5 33. h4 Kb7 34. Kg3 c5 35. g5 hxg5 36. hxg5 Kc6 37. Kg4 c4 1/2-1/2

[Event "Gelsenkirchen Silvester op 6th"]
[Site "Gelsenkirchen"]
[Date "2018.12.28"]
[Round "4"]
[White "Tunkel, Stefan"]
[Black "Gallas, Noel"]
[Result "1/2-1/2"]
[WhiteElo "1868"]
[BlackElo "1620"]
[PlyCount "39"]
[EventDate "2018.12.27"]
[EventType "swiss"]
[EventRounds "7"]
[EventCountry "GER"]
[SourceTitle "CBM 188 Extra"]
[Source "ChessBase"]
[SourceDate "2019.02.26"]
[SourceVersion "1"]
[SourceVersionDate "2019.02.26"]
[SourceQuality "1"]

1. d4 d5 2. c4 e6 3. Nf3 Nf6 4. g3 Be7 5. Bg2 0-0 6. 0-0 c5 7. cxd5 exd5 8. dxc5 Bxc5 9. Qc2 Bb6 10. Nc3 h6 11. Bf4 Nc6 12. Rad1 Be6 13. Ne5 Rc8 14. Nxc6 bxc6 15. Na4 Qe7 16. Nxb6 axb6 17. e4 Rfd8 18. exd5 Nxd5 19. Bd2 Qf6 20. a3 1/2-1/2

[Event "GER-chT U14"]
[Site "Verden an der Aller"]
[Date "2017.12.27"]
[Round "1.2"]
[White "Gallas, Noel"]
[Black "Henning, Marvin"]
[Result "0-1"]
[WhiteElo "1643"]
[BlackElo "1967"]
[PlyCount "92"]
[EventDate "2017.12.26"]
[EventType "team-swiss"]
[EventRounds "7"]
[EventCountry "GER"]
[SourceTitle "CBM 182 Extra"]
[Source "ChessBase"]
[SourceDate "2018.02.23"]
[SourceVersion "1"]
[SourceVersionDate "2018.02.23"]
[SourceQuality "1"]
[WhiteTeam "Essen Katernberg"]
[BlackTeam "Halle Reideburger"]
[WhiteTeamCountry "GER"]
[BlackTeamCountry "GER"]

1. e4 g6 2. d4 Bg7 3. Nf3 d6 4. Bc4 a6 5. 0-0 b5 6. Bd3 Nd7 7. c4 b4 8. a3 bxa3 9. Rxa3 e5 10. dxe5 dxe5 11. Be3 Ne7 12. Qc2 0-0 13. Nfd2 f5 14. f4 Nf6 15. h3 exf4 16. Rxf4 Nh5 17. Rf2 f4 18. Bc5 Rb8 19. Nc3 Rf7 20. Nf3 Nc6 21. b3 Ne5 22. Nxe5 Bxe5 23. Nd5 c6 24. Nc3 Qg5 25. Ra5 Bd4 26. Bxd4 Qxa5 27. c5 Be6 28. Bc4 Bxc4 29. bxc4 Rd8 30. Ne2 Ng3 31. Nxg3 fxg3 32. Rxf7 Kxf7 33. Qd1 Rxd4 34. Qf3+ Kg7 35. Qxg3 Qxc5 36. Kh2 Rxe4 37. Qc7+ Re7 38. Qd8 Qe5+ 39. Kg1 Qf6 40. Qd2 c5 41. Qc1 Qd4+ 42. Kh1 a5 43. Qf1 a4 44. Qc1 Re3 45. Qb1 Qe5 46. Qb7+ Kh6 0-1

[Event "Solingen Karneval op"]
[Site "Solingen"]
[Date "2017.02.24"]
[Round "1"]
[White "Gallas, Noel"]
[Black "Muedder, Rafael"]
[Result "0-1"]
[WhiteElo "1666"]
[BlackElo "2029"]
[PlyCount "88"]
[EventDate "2017.02.24"]
[EventType "swiss"]
[EventRounds "5"]
[EventCountry "GER"]
[SourceTitle "EXT 2018"]
[Source "ChessBase"]
[SourceDate "2017.10.13"]
[SourceVersion "1"]
[SourceVersionDate "2017.10.13"]
[SourceQuality "1"]

1. e4 c5 2. c3 d5 3. exd5 Qxd5 4. d4 Nc6 5. Nf3 Bf5 6. Be2 cxd4 7. cxd4 Bxb1 8. Rxb1 e6 9. a3 Nf6 10. 0-0 Bd6 11. h3 0-0 12. Be3 Rad8 13. Qd2 Bb8 14. Rfd1 Ne7 15. Rbc1 Rc8 16. Ne5 Ne4 17. Qd3 Nc6 18. Nxc6 Rxc6 19. Rxc6 bxc6 20. Bf3 f5 21. Rc1 c5 22. Bxe4 fxe4 23. Qc4 cxd4 24. Qxd5 exd5 25. Bxd4 Rd8 26. Kf1 Kf7 27. Ke2 Ke6 28. g3 Be5 29. Rc6+ Kd7 30. Bxe5 Kxc6 31. Bxg7 d4 32. b3 Kd5 33. Bf6 Rc8 34. a4 Rc2+ 35. Ke1 Rb2 36. Bg5 Rxb3 37. Bd2 Kc4 38. Ke2 Rf3 39. a5 a6 40. Bc1 Kc3 41. Bd2+ Kc2 42. Bg5 Rf5 43. Bd2 Rxf2+ 44. Kxf2 Kxd2 0-1

[Event "Gelsenkirchen Silvester op 4th"]
[Site "Gelsenkirchen"]
[Date "2016.12.28"]
[Round "4"]
[White "Drzasga, Michael"]
[Black "Gallas, Noel"]
[Result "1-0"]
[WhiteElo "2033"]
[BlackElo "1600"]
[PlyCount "85"]
[EventDate "2016.12.27"]
[EventType "swiss"]
[EventRounds "5"]
[EventCountry "GER"]
[SourceTitle "EXT 2019"]
[Source "ChessBase"]
[SourceDate "2018.10.10"]
[SourceVersion "1"]
[SourceVersionDate "2018.10.10"]
[SourceQuality "1"]

1. d4 d5 2. c4 e6 3. Nc3 c6 4. Nf3 Nf6 5. Ne5 Nbd7 6. f4 dxc4 7. e3 Nxe5 8. fxe5 Nd5 9. Bxc4 Bb4 10. Bd2 c5 11. Nxd5 Bxd2+ 12. Qxd2 exd5 13. Bb5+ Bd7 14. Bxd7+ Qxd7 15. dxc5 0-0 16. 0-0 Qe6 17. Qd4 Rfe8 18. Rad1 Rad8 19. e4 Qxe5 20. exd5 Qxd4+ 21. Rxd4 Re2 22. b4 Rc2 23. Re1 Kf8 24. a4 b6 25. c6 Rxc6 26. dxc6 Rxd4 27. Rc1 Rd8 28. b5 Rc8 29. Rd1 Rc7 30. Kf2 Ke7 31. Ke3 Ke6 32. Kd4 f6 33. Kc4 g6 34. Kb4 f5 35. a5 g5 36. Rd8 f4 37. axb6 axb6 38. Rg8 Kf6 39. Kc4 h5 40. Kd5 g4 41. Rf8+ Ke7 42. Rxf4 Ra7 43. Re4+ 1-0

[Event "Gelsenkirchen Silvester op 3rd"]
[Site "Gelsenkirchen"]
[Date "2015.12.27"]
[Round "1"]
[White "Gallas, Noel"]
[Black "Gawlick, Joachim"]
[Result "0-1"]
[WhiteElo "1056"]
[BlackElo "1849"]
[PlyCount "98"]
[EventDate "2015.12.27"]
[EventType "swiss"]
[EventRounds "5"]
[EventCountry "GER"]
[SourceTitle "EXT 2019"]
[Source "ChessBase"]
[SourceDate "2018.10.10"]
[SourceVersion "1"]
[SourceVersionDate "2018.10.10"]
[SourceQuality "1"]

1. e4 c6 2. d4 d5 3. exd5 cxd5 4. c4 Nf6 5. Nc3 Nc6 6. Nf3 Bg4 7. Be3 e6 8. h3 Bh5 9. Be2 Be7 10. 0-0 0-0 11. c5 b6 12. cxb6 axb6 13. Qc2 Bg6 14. Qb3 Na5 15. Qb5 Ne4 16. Nxe4 Bxe4 17. Rac1 Bxf3 18. Bxf3 Nb7 19. a3 Nd6 20. Qd3 Nc4 21. Rc2 b5 22. Rfc1 Qb6 23. Qb3 Na5 24. Qd3 Nc4 25. Qb3 Rab8 26. Be2 Na5 27. Qd3 Rb7 28. Kf1 b4 29. axb4 Bxb4 30. Rb1 g6 31. Kg1 Nc4 32. Qb3 Na5 33. Qd3 Qd6 34. Rbc1 Qb6 35. Rb1 Rfb8 36. Kf1 Be7 37. Qc3 Bf6 38. Kg1 Nb3 39. Rd1 Ra7 40. Kh1 Kg7 41. Kg1 Ra4 42. Bf4 Nxd4 43. Rxd4 Bxd4 44. Be5+ Kf8 45. Bxd4 Qxd4 46. Qf3 Ra1+ 47. Kh2 Qe5+ 48. g3 Rxb2 49. Rc7 Qxc7 0-1